Statistiche per Classifica perpetua della Fußball-Bundesliga

Clicka qui per fare il quiz!

Statistiche generali

  • Questo quiz è stato fatto 48 volte
  • Il punteggio medio è 23 su 56

Statistiche sulle risposte

PosizioneStagioniPunti TotaliSquadra% Corretto
2553008Borussia Dortmund
100%
1573924Bayern Monaco
98%
46277Kickers Stoccarda
88%
5552732Stoccarda
88%
4552750Amburgo
85%
9502415Colonia
85%
51133Fortuna Colonia
85%
10432301Bayer Leverkusen
83%
55120Lokomotive Lipsia
78%
296375RB Lipsia
78%
7532532Schalke 04
78%
2022903Friburgo
75%
374148Union Berlino
75%
3572788Werder Brema
73%
8532438Eintracht Francoforte
70%
2316682Magonza
70%
15251192Wolfsburg
65%
12381742Hertha Berlino
60%
2220884Monaco 1860
58%
2811431Augusta
53%
18251024Fortuna Düsseldorf
53%
14331318Norimberga
50%
2514646Hoffenheim
48%
13351416Bochum
45%
394140Dinamo Dresda
43%
16301174Hannover 96
43%
2419661Arminia Bielefeld
38%
11442094Kaiserslautern
35%
52131Paderborn
33%
414117Darmstadt
30%
49239Greuther Fürth
30%
54121Blau-Weiß Berlin
25%
17281147Duisburg
25%
2712479Hansa Rostock
25%
6542719Borussia M'gladbach
23%
338254St. Pauli
23%
1924953Karlsruhe
18%
385144Saarbrücken
18%
2121903Eintracht Braunschweig
15%
47272Ingolstadt 04
15%
327262Rot-Weiss Essen
10%
56110Tasmania Berlino
10%
48249TeBe Berlino
10%
307285Waldhof Mannheim
10%
346211Energie Cottbus
8%
354157Alemannia Aquisgrana
5%
53130Preußen Münster
5%
50135Ulma
5%
43393Borussia Neunkirchen
3%
44390Homburg
3%
317282Kickers Offenbach
3%
404139RW Oberhausen
3%
2614543Uerdingen 05
3%
45279Unterhaching
3%
364150Wattenscheid 09
3%
423102Wuppertaler
3%

Distribuzione punteggi

Percentile per numero di risposta

Percentuale di utenti per punteggio

I tuoi punteggi nel tempo

Non hai fatto questo quiz